Sanat - "Rentun Ruusu" - Irwin Goodman - Statistics

Yleistilastot
  • Tätä visaa on pelattu 296 kertaa
  • Keskiarvotulos 143 / 204
Vastaustilastot
Sanat % Oikein
renttu
99%
ruusu
99%
rentun
97%
(Rentun
97%
Se
97%
se
97%
on.
96%
on.)
96%
on
96%
horsman.
94%
horsman
94%
Sen
90%
multa
89%
Saat
87%
maantien
84%
ojasta.
84%
poimin
83%
tuolta
83%
Kuin
60%
kuin
60%
pojasta.
58%
tuli
58%
juoppolalli
57%
Olen
57%
ollut
55%
tiellä.
53%
viikon
53%
ei
52%
tiettömällä
52%
heräsin.
47%
krapulassa
45%
Rapakosta
42%
Niin
41%
ojaan
39%
sika
39%
eikä
38%
kuki
38%
siellä.
38%
ruusut
37%
keräsin.
36%
Eivät
35%
mukaan
35%
oli
35%
sammui.
35%
taju
35%
tuoksu
35%
viimein'
34%
ammui.
33%
lehmä
33%
kuravedessä.
32%
antajansa.
31%
röhkin
31%
Yhden
31%
arkeen
30%
Paluu
30%
edessä.
29%
Sittisontiainen
29%
Tämä
29%
pörräs,
28%
Sinne
28%
horsmankukka
24%
reissultansa.
24%
yrttitarhassa.
23%
elon
21%
kauan
21%
Rikkaruoho
21%
tuoda
21%
muuta
20%
kestä.
19%
joka
18%
käy
17%
maljakossa
17%
annan
16%
harhassa.
16%
lupauksenkin.
16%
Voiko
16%
Hortoiltuaan
14%
katumuksenkin.
14%
sydämestä.
14%
Tämän
14%
silti
13%
anteekspyynnön,
12%
kuihtuu,
12%
lahjan
12%
Pian
9%
Ehtoja vastaavia visoja ei löytynyt
Tulosjakauma
Jokaisen tuloksen saaneiden osuus
Persentiili vastausten määrän mukaan
Tuloshistoriasi
Et ole pelannut tätä visaa